000 00376nam a22001577a 4500
003 OSt
005 20240307102011.0
008 220706b xxu||||| |||| 00| 0 eng d
020 _a978-9325969247
040 _cIIMT UNIVERSITY, MEERUT
100 _aSAHAF, MA
245 _aMANAGEMENT ACCOUNTING
260 _aVIKAS PUB.
_bNEW DELHI
_c2012
300 _a625
942 _2ddc
_c02
999 _c52869
_d52869